<?xml version="1.0" encoding="UTF-8"?>
<record
    xmlns:xsi="http://www.w3.org/2001/XMLSchema-instance"
    xsi:schemaLocation="http://www.loc.gov/MARC21/slim http://www.loc.gov/standards/marcxml/schema/MARC21slim.xsd"
    xmlns="http://www.loc.gov/MARC21/slim">

  <leader>02049nam a22003257a 4500</leader>
  <controlfield tag="005">20110720103450.0</controlfield>
  <datafield tag="010" ind1=" " ind2=" ">
    <subfield code="a">ENG-103055  B-444765-769</subfield>
  </datafield>
  <datafield tag="020" ind1=" " ind2=" ">
    <subfield code="c">375.00</subfield>
    <subfield code="a">9780198076643</subfield>
  </datafield>
  <datafield tag="020" ind1=" " ind2=" ">
    <subfield code="c">375.00</subfield>
    <subfield code="a">0198076649</subfield>
  </datafield>
  <datafield tag="035" ind1=" " ind2=" ">
    <subfield code="a">EN-86588  B-444765-769</subfield>
  </datafield>
  <datafield tag="037" ind1=" " ind2=" ">
    <subfield code="b">DBAD / PUB</subfield>
  </datafield>
  <datafield tag="037" ind1=" " ind2=" ">
    <subfield code="b">Allied Pub/Ven</subfield>
  </datafield>
  <datafield tag="082" ind1=" " ind2=" ">
    <subfield code="a">305.42</subfield>
  </datafield>
  <datafield tag="245" ind1=" " ind2=" ">
    <subfield code="a">Gender and discrimination :</subfield>
    <subfield code="c">edited by Manoranjan Pal ... [et al]</subfield>
    <subfield code="b">health, nutritional status, and role of women in India /</subfield>
  </datafield>
  <datafield tag="260" ind1=" " ind2=" ">
    <subfield code="a">New Delhi </subfield>
    <subfield code="b">Oxford University Press</subfield>
    <subfield code="c">2011</subfield>
  </datafield>
  <datafield tag="270" ind1=" " ind2=" ">
    <subfield code="a">YMCA Library Building Jai Singh Road</subfield>
    <subfield code="b">New Delhi </subfield>
    <subfield code="e">110001</subfield>
  </datafield>
  <datafield tag="300" ind1=" " ind2=" ">
    <subfield code="a">xxviii, 323 p. :</subfield>
    <subfield code="c">23cm (pbk)</subfield>
    <subfield code="b">ill., map </subfield>
  </datafield>
  <datafield tag="500" ind1=" " ind2=" ">
    <subfield code="a">Includes bibliographical references</subfield>
  </datafield>
  <datafield tag="650" ind1=" " ind2=" ">
    <subfield code="a">Sex differences</subfield>
    <subfield code="z">India.</subfield>
    <subfield code="9">38285</subfield>
  </datafield>
  <datafield tag="650" ind1=" " ind2=" ">
    <subfield code="a">Women</subfield>
    <subfield code="x">Social conditions.</subfield>
    <subfield code="z">India</subfield>
    <subfield code="9">38286</subfield>
  </datafield>
  <datafield tag="700" ind1=" " ind2=" ">
    <subfield code="a">Pal, Manoranjan.</subfield>
    <subfield code="9">29720</subfield>
  </datafield>
  <datafield tag="942" ind1=" " ind2=" ">
    <subfield code="2">ddc</subfield>
    <subfield code="c">EN</subfield>
    <subfield code="m">GEN</subfield>
    <subfield code="h">305.42</subfield>
  </datafield>
  <datafield tag="999" ind1=" " ind2=" ">
    <subfield code="c">54074</subfield>
    <subfield code="d">54074</subfield>
  </datafield>
  <datafield tag="952" ind1=" " ind2=" ">
    <subfield code="0">0</subfield>
    <subfield code="1">0</subfield>
    <subfield code="2">ddc</subfield>
    <subfield code="4">0</subfield>
    <subfield code="7">1</subfield>
    <subfield code="8">NFIC</subfield>
    <subfield code="a">DBAD</subfield>
    <subfield code="b">DBAD</subfield>
    <subfield code="d">2011-07-20</subfield>
    <subfield code="e">DBAD/PUB</subfield>
    <subfield code="g">375.00</subfield>
    <subfield code="l">0</subfield>
    <subfield code="o">305.42 GEN</subfield>
    <subfield code="p">EN-86588</subfield>
    <subfield code="r">2011-07-20 00:00:00</subfield>
    <subfield code="t">1</subfield>
    <subfield code="v">375.00</subfield>
    <subfield code="y">EN</subfield>
  </datafield>
  <datafield tag="952" ind1=" " ind2=" ">
    <subfield code="0">0</subfield>
    <subfield code="1">0</subfield>
    <subfield code="4">0</subfield>
    <subfield code="7">0</subfield>
    <subfield code="8">NFIC</subfield>
    <subfield code="a">L</subfield>
    <subfield code="b">L</subfield>
    <subfield code="d">2012-01-05</subfield>
    <subfield code="e">Allied/1045/13.09.11/78/14.3.11/12.10.2011</subfield>
    <subfield code="g">375.00</subfield>
    <subfield code="l">1</subfield>
    <subfield code="o">305.42 GEN</subfield>
    <subfield code="p">B-444765</subfield>
    <subfield code="r">2021-12-27 00:00:00</subfield>
    <subfield code="s">2021-11-23</subfield>
    <subfield code="t">1</subfield>
    <subfield code="v">375.00</subfield>
    <subfield code="w">2012-01-05</subfield>
    <subfield code="y">EN</subfield>
  </datafield>
  <datafield tag="952" ind1=" " ind2=" ">
    <subfield code="0">0</subfield>
    <subfield code="1">0</subfield>
    <subfield code="4">0</subfield>
    <subfield code="7">0</subfield>
    <subfield code="8">NFIC</subfield>
    <subfield code="a">BL1</subfield>
    <subfield code="b">BL1</subfield>
    <subfield code="d">2012-01-05</subfield>
    <subfield code="e">Allied/1045/13.09.11/78/14.3.11/12.10.2011</subfield>
    <subfield code="g">375.00</subfield>
    <subfield code="l">0</subfield>
    <subfield code="o">305.42 GEN</subfield>
    <subfield code="p">B-444766</subfield>
    <subfield code="r">2012-01-05 00:00:00</subfield>
    <subfield code="t">1</subfield>
    <subfield code="v">375.00</subfield>
    <subfield code="w">2012-01-05</subfield>
    <subfield code="y">EN</subfield>
  </datafield>
  <datafield tag="952" ind1=" " ind2=" ">
    <subfield code="0">0</subfield>
    <subfield code="1">0</subfield>
    <subfield code="4">0</subfield>
    <subfield code="7">0</subfield>
    <subfield code="8">NFIC</subfield>
    <subfield code="a">ZLS</subfield>
    <subfield code="b">ZLS</subfield>
    <subfield code="d">2012-01-05</subfield>
    <subfield code="e">Allied/1045/13.09.11/78/14.3.11/12.10.2011</subfield>
    <subfield code="g">375.00</subfield>
    <subfield code="l">0</subfield>
    <subfield code="o">305.42 GEN</subfield>
    <subfield code="p">B-444767</subfield>
    <subfield code="r">2012-01-05 00:00:00</subfield>
    <subfield code="t">1</subfield>
    <subfield code="v">375.00</subfield>
    <subfield code="w">2012-01-05</subfield>
    <subfield code="y">EN</subfield>
  </datafield>
  <datafield tag="952" ind1=" " ind2=" ">
    <subfield code="0">0</subfield>
    <subfield code="1">0</subfield>
    <subfield code="4">0</subfield>
    <subfield code="7">0</subfield>
    <subfield code="8">NFIC</subfield>
    <subfield code="a">BL3</subfield>
    <subfield code="b">BL3</subfield>
    <subfield code="d">2012-01-05</subfield>
    <subfield code="e">Allied/1045/13.09.11/78/14.3.11/12.10.2011</subfield>
    <subfield code="g">375.00</subfield>
    <subfield code="l">0</subfield>
    <subfield code="o">305.42 GEN</subfield>
    <subfield code="p">B-444768</subfield>
    <subfield code="r">2012-01-05 00:00:00</subfield>
    <subfield code="t">1</subfield>
    <subfield code="v">375.00</subfield>
    <subfield code="w">2012-01-05</subfield>
    <subfield code="y">EN</subfield>
  </datafield>
  <datafield tag="952" ind1=" " ind2=" ">
    <subfield code="0">0</subfield>
    <subfield code="1">0</subfield>
    <subfield code="4">0</subfield>
    <subfield code="7">0</subfield>
    <subfield code="8">NFIC</subfield>
    <subfield code="a">BL4</subfield>
    <subfield code="b">BL4</subfield>
    <subfield code="d">2012-01-05</subfield>
    <subfield code="e">Allied/1045/13.09.11/78/14.3.11/12.10.2011</subfield>
    <subfield code="g">375.00</subfield>
    <subfield code="l">0</subfield>
    <subfield code="o">305.42 GEN</subfield>
    <subfield code="p">B-444769</subfield>
    <subfield code="r">2012-01-05 00:00:00</subfield>
    <subfield code="t">1</subfield>
    <subfield code="v">375.00</subfield>
    <subfield code="w">2012-01-05</subfield>
    <subfield code="y">EN</subfield>
  </datafield>
</record>
